000
00327nam a22001337a 4500
008
171113b xxu||||| |||| 00| 0 eng d
020
_a
0070391327
041
_a
eng
080
_2
2ND
_a
331.101.262
100
_a
52
101
_a
BNJ
245
_a
CONTEMPORARY READINGS IN ORGANIZATIONAL BEHAVIOR
_c
LUTHANS,F
942
_2
udc
_c
BK
999
_c
38265
_d
38265